000 01112cam a2200301 a 4500
005 20260322212055.0
008 data
010 _a 2002153008
020 _a076218888X
020 _a9780762188888
040 _aDLC
_cDLC
_dDLC
050 0 0 _aPR6025.A2547
_bD38 2003
082 0 0 _a823/.912
_221
099 _aTEYJ
100 1 _aTey, Josephine,
_d1896 or 7-1952.
245 1 4 _aThe daughter of time /
_cJosephine Tey.
260 _aPleasantville, N.Y. :
_bImPress,
_c1988
300 _a206 p. ;
_c22 cm.
440 4 _aThe best mysteries of all time
600 0 0 _aRichard
_bIII,
_cKing of England,
_d1452-1485
_vFiction.
650 0 _aGrant, Alan (Fictitious character)
_vFiction.
650 0 _aPolice
_zGreat Britain
_vFiction.
655 7 _aMystery fiction.
_2gsafd
906 _a7
_bcbc
_corignew
_d1
_eecip
_f20
_gy-gencatlg
925 0 _aacquire
_b2 shelf copies
_xpolicy default
955 _dlh06 2002-11-01
_elk53 2002-11-04 to Dewey;
_fle28 2003-05-14
_gle28 2003-05-14 to BCCD
001 data
999 _c1319
_d1319